000 00544nam a2200181Ia 4500
999 _c32423
_d32423
003 OSt
005 20200803111802.0
008 190216s9999||||xx |||||||||||||| ||und||
020 _a9788121908924
040 _coclc
082 _a515.35
_bRAI/O
100 _aRaisinghania, M D
_93881
245 0 _aOrdinary And Partial Differential Equations /
_cM D Raisinghania
260 _bS Chand & Co,
_c2013.
_aNew Delhi:
300 _a800p
650 _aDifferential Equations
942 _cBK
_2ddc
_h515.35
_iRAI/O
_k515.35
_mRAI/O